Govt. of
Madhya Pradesh

Problems of Poverty (Record no. 37945)

MARC details
000 -LEADER
fixed length control field 004190000a22001690004500
003 - CONTROL NUMBER IDENTIFIER
control field MACL
005 - DATE AND TIME OF LATEST TRANSACTION
control field 20160101114841.0
008 - FIXED-LENGTH DATA ELEMENTS--GENERAL INFORMATION
fixed length control field 160101b xxu||||| |||| 00| 0 eng d
040 ## - CATALOGING SOURCE
Original cataloging agency MACL
Transcribing agency MACL
041 ## - LANGUAGE CODE
Language code of text/sound track or separate title English
082 ## - DEWEY DECIMAL CLASSIFICATION NUMBER
Classification number 339/HUN
100 ## - MAIN ENTRY--PERSONAL NAME
Personal name Chalmers, Thomas
9 (RLIN) 26125
245 ## - TITLE STATEMENT
Title Problems of Poverty
260 ## - PUBLICATION, DISTRIBUTION, ETC. (IMPRINT)
Name of publisher, distributor, etc. Thomas Nelsons & Sons
Place of publication, distribution, etc. New York
650 ## - SUBJECT ADDED ENTRY--TOPICAL TERM
Topical term or geographic name as entry element Economics
9 (RLIN) 26126
942 ## - ADDED ENTRY ELEMENTS (KOHA)
Koha item type Books
Call number prefix 339/CHA
Source of classification or shelving scheme
Holdings
Withdrawn status Lost status Source of classification or shelving scheme Damaged status Not for loan Home library Current library Date acquired Total Checkouts Full call number Barcode Date last seen Uniform Resource Identifier Price effective from Koha item type
          MACL MACL 15/04/2015   339/CHA CLE000191 29/04/2015 38161 15/04/2015 Books